Statistics for The Most Common City or Town Names in the USA

Click here to take the quiz!

General Stats

  • This quiz has been taken 30 times
  • The average score is 4 of 10

Answer Stats

OccurenceName% Correct
41Springfield
86%
88Washington
76%
24Madison
45%
35Franklin
31%
30Greenville
31%
26Salem
28%
29Clinton
21%
23Georgetown
21%
29Bristol
10%
27Fairview
7%

Score Distribution

Percentile by Number Answered

Percent of People with Each Score

Your Score History

You have not taken this quiz